Stress control with biofeedback
Αποθηκεύτηκε σε:
| Κύριος συγγραφέας: | |
|---|---|
| Συγγραφή απο Οργανισμό/Αρχή: | |
| Μορφή: | Ηχητικό |
| Γλώσσα: | English |
| Δημοσίευση: |
Montreal, Canada :
Thought Technology,
1986
|
| Θέματα: | |
| Ετικέτες: |
Προσθήκη ετικέτας
Δεν υπάρχουν, Καταχωρήστε ετικέτα πρώτοι!
|
MARC
| LEADER | 00000nim a2200000 i 4500 | ||
|---|---|---|---|
| 001 | 1/45350 | ||
| 008 | 070601s1986 cn engod | ||
| 035 | |l 10088096 | ||
| 040 | |a GR-MY-UA |b fre |e aacr | ||
| 041 | 0 | |a eng | |
| 082 | 0 | |a 158.1 |2 (22) | |
| 100 | 1 | |a Sideroff, Stephen I. | |
| 245 | 1 | 0 | |a Stress control with biofeedback |h [ηχογράφηση] / |c developed by Stephen I. Sideroff ; produced by Thought Technology Ltd. |
| 260 | |a Montreal, Canada : |b Thought Technology, |c 1986 | ||
| 300 | |a 4 κασέτες ήχου (π. 240 λεπτ.) |b αναλογ. στέρεο |e 1 ένθετο | ||
| 500 | |a Σε θήκη | ||
| 500 | |a Υπάρχει ψηφιακό αντίγραφο. Για την χρήση του υλικού απευθυνθείτε στο προσωπικό της βιβλιοθήκης. | ||
| 505 | 0 | |a Κασέτα 1: Πλευρά Α: Introduction. - Πλευρά Β: Self-Awareness. - Κασέτα 2: Πλευρά Α: Time management & Biofeedback relaxation. - Πλευρά Β: Diet exercise & behavior control. - Κασέτα 3: Πλευρά Α: Improving your thoughts. - Πλευρά Β: Improving Self-image. - Κασέτα 4: Πλευρά Α: Problem solving & communication. - Πλευρά Β: Relaxation and desensitization | |
| 650 | 0 | 0 | |a Stress management. |
| 710 | 2 | |a Thought Technology. | |
| 852 | |a INST |b RHODES |e 20070601 |h 158.1 SID |p 005400026591 |q 005400026591 |t BK |v (Unknown.)???: |y 0 |z ??? | ||
| 852 | |a INST |b RHODES |c AV |e 20070601 |h 158.1 SID |p 005400026588 |q 005400026588 |t SC |y 23 |z Μέρος.2 | ||
| 852 | |a INST |b RHODES |c AV |e 20070601 |h 158.1 SID |p 005400026589 |q 005400026589 |t SC |y 23 |z Μέρος.1 | ||
| 852 | |a INST |b RHODES |c AV |e 20070601 |h 158.1 SID |p 005400026594 |q 005400026594 |t SC |y 23 |z Μέρος.4 | ||
| 852 | |a INST |b RHODES |c AV |e 20070601 |h 158.1 SID |p 005400026595 |q 005400026595 |t SC |y 23 |z Μέρος.3 | ||
| 852 | |a INST |b RHODES |c AV |e 20070601 |h 158.1 SID |p 005400026588 |q 005400026588 |t SC |v Μ΄ερος.2: |y 23 |z Μέρος.2 | ||
| 852 | |a INST |b RHODES |c AV |e 20070601 |h 158.1 SID |p 005400026589 |q 005400026589 |t SC |v Μ΄ερος.1: |y 23 |z Μέρος.1 | ||
| 852 | |a INST |b RHODES |c AV |e 20070601 |h 158.1 SID |p 005400026594 |q 005400026594 |t SC |v Μ΄ερος.4: |y 23 |z Μέρος.4 | ||
| 852 | |a INST |b RHODES |c AV |e 20070601 |h 158.1 SID |p 005400026595 |q 005400026595 |t SC |v Μ΄ερος.3: |y 23 |z Μέρος.3 | ||
| 853 | |a INST |b RHODES |h 158.1 SID supplement | ||
| 853 | |a INST |b RHODES |c AV |h 158.1 SID | ||
| 901 | |a BIBL4-2007-2 | ||
| 909 | |a Ρ |b 032376 | ||
| 909 | |a Ρ |b 032377 | ||
| 909 | |a Ρ |b 032378 | ||
| 909 | |a Ρ |b 032379 | ||
| 909 | |a Ρ |b 032380 | ||
| 970 | |a ΚΟΖΑ |b ΜΑΡΙΑ |z 2007/06/01 | ||